| 000 | 01273cad a22002175a 4500 | ||
|---|---|---|---|
| 001 | L156851 | ||
| 008 | 120720s2012 xxk 000 0 eng d | ||
| 035 | _a(Sirsi) u156851 | ||
| 041 | 0 | _aeng | |
| 110 | 2 |
_aJones Lang LaSalle _93755 |
|
| 245 | 0 | 0 |
_aDubai real estate market overview _bQ2 2012 |
| 260 |
_a[S.I.] _bJLL _c2012 |
||
| 490 | 0 |
_aJones Lang LaSalle Dubai Real Estate Market Overview _vQ2 2012 |
|
| 520 | _aShows a widening gap between prime property performance in each sector and the rest of the market. Hotel, residential and retail sectors continue to see improved performance in selected areas but improvement is not yet being experienced across the broader market. The office sector is lagging behind: prime property rents and occupancies have stabilised but continue to decline in secondary property in the face of excess supply. Provides market highlights and talking points, and covers activity in the office, residential, retail, and hotel sectors. | ||
| 590 | _aNTK KA | ||
| 651 | 4 | _aDubai | |
| 690 |
_aCommercial property _96227 |
||
| 690 |
_aResidential property _96266 |
||
| 856 | 4 | 0 |
_uhttps://www.joneslanglasalle-mena.com/ResearchLevel1/JLL_DXB%20RE%20MKT%20OVERVIEW_Q2%202012.pdf _zView the report at www.joneslanglasalle-mena.com |
| 942 | _n0 | ||
| 999 |
_c84179 _d84179 |
||